[Event "Voronezh op-B 23rd"]
[Site "Voronezh"]
[Date "2019.06.18"]
[Round "7"]
[White "Iliushkin, Evgeny"]
[Black "Kushnarenko, Egor"]
[Result "1-0"]
[WhiteElo "2148"]
[BlackElo "1737"]
[PlyCount "71"]
[EventDate "2019.06.12"]
[EventType "swiss"]
[EventRounds "9"]
[EventCountry "RUS"]
[SourceTitle "EXT 2020"]
[Source "ChessBase"]
[SourceDate "2019.10.17"]
[SourceVersion "1"]
[SourceVersionDate "2019.10.17"]
[SourceQuality "1"]

1. c4 c5 2. b3 Nc6 3. Bb2 e5 4. e3 d6 5. d4 Bf5 6. Bd3 Bxd3 7. Qxd3 Qg5 8. g3 Nf6 9. Nd2 Nb4 10. Qb1 exd4 11. a3 Nc6 12. Ngf3 Qg4 13. exd4 Be7 14. h3 Qd7 15. Kf1 a6 16. d5 Na7 17. Kg2 h6 18. Nh4 0-0-0 19. Nf5 Rdg8 20. Nxe7+ Qxe7 21. Qf5+ Qd7 22. Qd3 Ne8 23. Rhe1 Kc7 24. b4 b6 25. bxc5 bxc5 26. Bc3 g5 27. Qe3 Rh7 28. Rab1 f5 29. Ba5+ Kc8 30. Qb3 Qb7 31. Qc2 Qd7 32. Bb6 f4 33. Re6 fxg3 34. fxg3 Re7 35. Rxe7 Qxe7 36. Qf5+ 1-0

[Event "Voronezh op-B 23rd"]
[Site "Voronezh"]
[Date "2019.06.17"]
[Round "6"]
[White "Kushnarenko, Egor"]
[Black "Orshonova, Anna"]
[Result "1/2-1/2"]
[WhiteElo "1737"]
[BlackElo "1891"]
[PlyCount "79"]
[EventDate "2019.06.12"]
[EventType "swiss"]
[EventRounds "9"]
[EventCountry "RUS"]
[SourceTitle "EXT 2020"]
[Source "ChessBase"]
[SourceDate "2019.10.17"]
[SourceVersion "1"]
[SourceVersionDate "2019.10.17"]
[SourceQuality "1"]

1. d4 d5 2. Nf3 Nf6 3. c4 e6 4. Nc3 Be7 5. Bg5 Nbd7 6. e3 0-0 7. Bd3 dxc4 8. Bxc4 c5 9. 0-0 h6 10. Bh4 a6 11. a4 Nb6 12. Be2 Nbd5 13. Nxd5 Nxd5 14. Bxe7 Qxe7 15. dxc5 Qxc5 16. Rc1 Qb4 17. Qd4 Qxd4 18. Nxd4 Bd7 19. b3 Rac8 20. Bf3 Rxc1 21. Rxc1 Rc8 22. Rxc8+ Bxc8 23. Bxd5 exd5 24. Kf1 Kf8 25. Ke2 Ke7 26. Kd3 Kd6 27. h3 h5 28. Kd2 Bd7 29. Kd3 Kc5 30. Kc3 a5 31. h4 f6 32. Ne2 g5 33. Ng3 Be8 34. Ne2 b5 35. axb5 Bxb5 36. Ng3 Be8 37. Ne2 Bb5 38. Ng3 Be8 39. Ne2 Bb5 40. g3 1/2-1/2

[Event "Voronezh op-B 23rd"]
[Site "Voronezh"]
[Date "2019.06.14"]
[Round "3"]
[White "Kuritsina, Zlata"]
[Black "Kushnarenko, Egor"]
[Result "0-1"]
[WhiteElo "1474"]
[BlackElo "1737"]
[PlyCount "100"]
[EventDate "2019.06.12"]
[EventType "swiss"]
[EventRounds "9"]
[EventCountry "RUS"]
[SourceTitle "EXT 2020"]
[Source "ChessBase"]
[SourceDate "2019.10.17"]
[SourceVersion "1"]
[SourceVersionDate "2019.10.17"]
[SourceQuality "1"]

1. d4 c5 2. c3 e6 3. Nf3 cxd4 4. cxd4 Nf6 5. e3 Nc6 6. Nc3 d5 7. Bb5 Bd7 8. 0-0 Bd6 9. Bd2 0-0 10. h3 Ne4 11. Bd3 f5 12. a3 Rc8 13. Rc1 Be8 14. Be2 Bh5 15. Nxe4 dxe4 16. Ne5 Nxe5 17. Bxh5 Rxc1 18. Bxc1 Nf7 19. Qb3 Qd7 20. Rd1 Rc8 21. Be2 a6 22. Bd2 Nd8 23. a4 Kf7 24. Bc3 Ke7 25. f4 Nf7 26. Bc4 g5 27. g3 gxf4 28. gxf4 Rg8+ 29. Kh2 Rg6 30. Rg1 Qc8 31. Rg2 Ng5 32. Be2 Qc7 33. Bb4 Nf7 34. Bxd6+ Nxd6 35. Bd1 Rxg2+ 36. Kxg2 Qc4 37. d5 exd5 38. Kf2 Qxb3 39. Bxb3 Nc4 40. Ke2 Kd6 41. Kd1 Nxb2+ 42. Ke2 Nd3 43. Bc2 Nc5 44. h4 b5 45. axb5 axb5 46. Kd2 Nd7 47. h5 Kc5 48. Bd1 h6 49. Be2 Nf6 50. Bxb5 Kxb5 0-1

[Event "Voronezh op-B 22nd"]
[Site "Voronezh"]
[Date "2018.06.18"]
[Round "7"]
[White "Shestakova, Ekaterina"]
[Black "Kushnarenko, Egor"]
[Result "1/2-1/2"]
[WhiteElo "1886"]
[BlackElo "1631"]
[PlyCount "80"]
[EventDate "2018.06.12"]
[EventType "swiss"]
[EventRounds "9"]
[EventCountry "RUS"]
[SourceTitle "CBM 185 Extra"]
[Source "ChessBase"]
[SourceDate "2018.07.29"]
[SourceVersion "1"]
[SourceVersionDate "2018.07.29"]
[SourceQuality "1"]

1. e4 c6 2. d4 d5 3. Nc3 dxe4 4. Nxe4 Nf6 5. Nxf6+ exf6 6. c3 Bf5 7. Bc4 Bd6 8. Ne2 0-0 9. 0-0 Qc8 10. Bf4 Bxf4 11. Nxf4 Nd7 12. Re1 Nb6 13. Bb3 Qc7 14. Qd2 Rfe8 15. Nd3 Rad8 16. Nc5 Nd5 17. f3 Be6 18. Re2 b6 19. Nxe6 fxe6 20. Bxd5 exd5 21. Rae1 Rxe2 22. Qxe2 Kf8 23. g3 Qd7 24. Qd3 Kg8 25. b3 g6 26. Qe3 Kf7 27. Qh6 Kg8 28. Qf4 Kf7 29. Kf2 g5 30. Qe3 Re8 31. Qxe8+ Qxe8 32. Rxe8 Kxe8 33. g4 Ke7 34. Ke3 Kd7 35. f4 Ke6 36. f5+ Ke7 37. Kd3 Kd7 38. b4 b5 39. Ke3 Ke7 40. Kd3 Kd7 1/2-1/2

[Event "Voronezh op-B 22nd"]
[Site "Voronezh"]
[Date "2018.06.16"]
[Round "5"]
[White "Tikhonov, Viacheslav"]
[Black "Kushnarenko, Egor"]
[Result "1-0"]
[WhiteElo "1993"]
[BlackElo "1631"]
[PlyCount "89"]
[EventDate "2018.06.12"]
[EventType "swiss"]
[EventRounds "9"]
[EventCountry "RUS"]
[SourceTitle "CBM 185 Extra"]
[Source "ChessBase"]
[SourceDate "2018.07.29"]
[SourceVersion "1"]
[SourceVersionDate "2018.07.29"]
[SourceQuality "1"]

1. d4 Nf6 2. c4 d6 3. Nf3 g6 4. Nc3 Bg7 5. e4 0-0 6. Be2 e5 7. 0-0 Nc6 8. d5 Ne7 9. Ne1 Nd7 10. f3 f5 11. g4 f4 12. Nd3 Bf6 13. Kh1 Bh4 14. Rg1 g5 15. Bd2 Kf7 16. Kg2 Rh8 17. Be1 Bxe1 18. Qxe1 h5 19. h3 Ng6 20. Rh1 Nh4+ 21. Kf2 hxg4 22. hxg4 c5 23. Qg1 Nf6 24. Ke1 Bd7 25. Kd2 Qa5 26. a3 Qc7 27. Qf2 Ke7 28. b4 b6 29. Nb5 Bxb5 30. cxb5 Rab8 31. Nb2 Ng6 32. bxc5 bxc5 33. Rxh8 Rxh8 34. Nc4 Rh4 35. a4 Rxg4 36. a5 Rg3 37. b6 axb6 38. axb6 Qb8 39. Ra7+ Nd7 40. Qe1 Ke8 41. Rb7 Qa8 42. Nxd6+ Kd8 43. Ra7 Qb8 44. Nb7+ Kc8 45. Qb1 1-0